[Event "Saratov Winter Cup"]
[Site "Saratov"]
[Date "2013.01.16"]
[Round "5"]
[White "Rjanzin, Maxim"]
[Black "Vdovin, Sergey Anatolievich"]
[Result "1/2-1/2"]
[WhiteElo "1750"]
[BlackElo "2116"]
[PlyCount "75"]
[EventDate "2013.01.12"]
[EventType "swiss"]
[EventRounds "9"]
[EventCountry "RUS"]
[SourceTitle "CBM 152 Extra"]
[Source "ChessBase"]
[SourceDate "2013.02.25"]
[SourceVersion "1"]
[SourceVersionDate "2013.02.25"]
[SourceQuality "1"]

1. d4 Nf6 2. c4 e6 3. Nc3 Bb4 4. a3 Bxc3+ 5. bxc3 b6 6. Bg5 Bb7 7. e3 d6 8. Nf3 Nbd7 9. Bd3 h6 10. Bh4 g5 11. Bg3 g4 12. Nh4 h5 13. Qc2 Qe7 14. e4 0-0-0 15. 0-0 Ne8 16. a4 a5 17. Rab1 Ng7 18. Rb5 e5 19. Rfb1 Rde8 20. d5 Ba6 21. R5b2 Nc5 22. Be2 Kb7 23. f3 Ka7 24. Bf2 gxf3 25. Nxf3 Nd7 26. c5 dxc5 27. Bxa6 Kxa6 28. Nd2 Reg8 29. Nc4 Ne8 30. Qe2 Ka7 31. Nxa5 Qg5 32. Nc6+ Kb7 33. Be3 Qg4 34. Na5+ Ka7 35. Qb5 Nd6 36. Nc6+ Kb7 37. Na5+ Ka7 38. Nc6+ 1/2-1/2

[Event "Saratov Winter Cup"]
[Site "Saratov"]
[Date "2013.01.13"]
[Round "2"]
[White "Rjanzin, Maxim"]
[Black "Fedukin, Alexandre"]
[Result "0-1"]
[WhiteElo "1750"]
[BlackElo "1852"]
[PlyCount "78"]
[EventDate "2013.01.12"]
[EventType "swiss"]
[EventRounds "9"]
[EventCountry "RUS"]
[SourceTitle "CBM 152 Extra"]
[Source "ChessBase"]
[SourceDate "2013.02.25"]
[SourceVersion "1"]
[SourceVersionDate "2013.02.25"]
[SourceQuality "1"]

1. d4 e6 2. c4 Nf6 3. Nc3 Bb4 4. a3 Bxc3+ 5. bxc3 c5 6. e3 0-0 7. Bd3 d5 8. cxd5 Qxd5 9. Nf3 c4 10. Bc2 b6 11. Bb2 Bb7 12. Qe2 Nbd7 13. 0-0-0 Rfc8 14. Rde1 Ne4 15. Nd2 Nxd2 16. Qxd2 e5 17. f3 Nf6 18. e4 Qd6 19. f4 Qe7 20. fxe5 Nd7 21. h4 b5 22. g4 a5 23. g5 b4 24. cxb4 axb4 25. axb4 Ra2 26. Qc3 Nb6 27. d5 Na4 28. Bxa4 Rxa4 29. e6 fxe6 30. Rhf1 Rc7 31. Qe5 c3 32. d6 cxb2+ 33. Kxb2 Qd7 34. dxc7 Qd2+ 35. Kb1 Rxb4+ 36. Ka1 Ra4+ 37. Kb1 Qd3+ 38. Kc1 Rc4+ 39. Kb2 Qc2+ 0-1

[Event "Saratov Rating SSEU"]
[Site "Saratov"]
[Date "2012.08.14"]
[Round "7.5"]
[White "Rjanzin, Maxim"]
[Black "Darenkov, Mikhail"]
[Result "1-0"]
[WhiteElo "1747"]
[BlackElo "2136"]
[PlyCount "66"]
[EventDate "2012.08.08"]
[EventType "swiss"]
[EventRounds "7"]
[EventCountry "RUS"]
[SourceTitle "EXT 2022"]
[Source "ChessBase"]
[SourceDate "2021.10.06"]
[SourceVersion "1"]
[SourceVersionDate "2021.10.06"]
[SourceQuality "1"]

1. d4 Nf6 2. c4 e6 3. Nc3 Bb4 4. a3 Bxc3+ 5. bxc3 c5 6. Bg5 Qa5 7. Bd2 0-0 8. e3 Nc6 9. Bd3 Qc7 10. Ne2 b6 11. 0-0 Ba6 12. e4 d5 13. e5 dxc4 14. exf6 cxd3 15. Ng3 gxf6 16. Nh5 Kh8 17. Nxf6 Rg8 18. Qh5 Rg7 19. Bh6 Rag8 20. Bxg7+ Rxg7 21. Ne8 Qe7 22. Nxg7 Kxg7 23. d5 Nd8 24. Rfe1 Qf6 25. c4 b5 26. cxb5 Bxb5 27. Rab1 Ba6 28. Qg4+ Qg6 29. Qa4 exd5 30. Re3 Qc6 31. Qg4+ Kf8 32. Qh4 Qd6 33. Rb8 Qxb8 1-0

[Event "Saratov Rating SSEU"]
[Site "Saratov"]
[Date "2012.08.13"]
[Round "6.3"]
[White "Rjanzin, Maxim"]
[Black "Fedorova, Tatiana"]
[Result "0-1"]
[WhiteElo "1747"]
[BlackElo "1877"]
[PlyCount "54"]
[EventDate "2012.08.08"]
[EventType "swiss"]
[EventRounds "7"]
[EventCountry "RUS"]
[SourceTitle "EXT 2022"]
[Source "ChessBase"]
[SourceDate "2021.10.06"]
[SourceVersion "1"]
[SourceVersionDate "2021.10.06"]
[SourceQuality "1"]

1. Nf3 c5 2. g3 Nc6 3. Bg2 g6 4. d4 cxd4 5. Nxd4 Bg7 6. c3 Nf6 7. e4 Nxd4 8. cxd4 d6 9. Nc3 Qb6 10. 0-0 0-0 11. Qd3 e5 12. dxe5 dxe5 13. Be3 Qxb2 14. Bc5 b6 15. Rab1 Qxb1 16. Rxb1 bxc5 17. Nd5 Be6 18. Qc3 Nxd5 19. exd5 Bf5 20. Rd1 Rac8 21. d6 Rfd8 22. Bb7 Rb8 23. Bc6 Bg4 24. Rd2 e4 25. Qxc5 Bf3 26. Bb5 Rdc8 27. Qc7 Be5 0-1

[Event "Saratov Rating SSEU"]
[Site "Saratov"]
[Date "2012.08.11"]
[Round "4.5"]
[White "Tatarinov, Andrey"]
[Black "Rjanzin, Maxim"]
[Result "1-0"]
[WhiteElo "1641"]
[BlackElo "1747"]
[PlyCount "59"]
[EventDate "2012.08.08"]
[EventType "swiss"]
[EventRounds "7"]
[EventCountry "RUS"]
[SourceTitle "EXT 2022"]
[Source "ChessBase"]
[SourceDate "2021.10.06"]
[SourceVersion "1"]
[SourceVersionDate "2021.10.06"]
[SourceQuality "1"]

1. d4 d5 2. c4 c6 3. Nc3 Nf6 4. Nf3 e6 5. Bf4 Be7 6. e3 Nbd7 7. Qc2 a6 8. Bd3 dxc4 9. Bxc4 b5 10. Be2 Bb7 11. 0-0 0-0 12. Ne5 Nxe5 13. Bxe5 Nd7 14. Bg3 c5 15. dxc5 Nxc5 16. Rfd1 Qa5 17. a3 b4 18. axb4 Qxb4 19. Rd4 Qb6 20. b4 Nd7 21. Rxd7 Qc6 22. Rxb7 Qxb7 23. Bf3 Qxb4 24. Bxa8 Rxa8 25. Qe4 Rc8 26. Qxb4 Bxb4 27. Ne2 a5 28. Rc1 Rd8 29. Nd4 g6 30. Nc6 1-0

[Event "Saratov Winter Cup-A"]
[Site "Saratov"]
[Date "2012.01.16"]
[Round "5"]
[White "Fedorov, Oleg An"]
[Black "Rjanzin, Maxim"]
[Result "1-0"]
[WhiteElo "1862"]
[BlackElo "1761"]
[PlyCount "69"]
[EventDate "2012.01.12"]
[EventType "swiss"]
[EventRounds "9"]
[EventCountry "RUS"]
[SourceTitle "EXT 2014"]
[Source "ChessBase"]
[SourceDate "2013.11.20"]
[SourceVersion "1"]
[SourceVersionDate "2013.11.20"]
[SourceQuality "1"]

1. e4 c6 2. d3 d5 3. Nd2 e5 4. Ngf3 Bd6 5. Be2 Be6 6. c3 Nf6 7. Ng5 Qe7 8. Nxe6 Qxe6 9. Qb3 b6 10. 0-0 Nbd7 11. Re1 0-0 12. Bf1 Nh5 13. Nf3 Nc5 14. Qc2 Rae8 15. b4 Nd7 16. a4 f5 17. b5 fxe4 18. dxe4 Nc5 19. Qa2 Nxe4 20. Rxe4 Kh8 21. Rh4 Qg6 22. Qe2 Rf5 23. Ng5 Bc5 24. Nh3 Ref8 25. Be3 Be7 26. Rg4 Qd6 27. Bg5 Bxg5 28. Rxg5 Nf4 29. Qe3 Nxh3+ 30. gxh3 d4 31. cxd4 exd4 32. Qg3 Rf4 33. Rxg7 Qf6 34. Rg4 Rxf2 35. Bc4 1-0

[Event "Saratov op"]
[Site "Saratov"]
[Date "2010.06.01"]
[Round "1"]
[White "Brekhov, Denis"]
[Black "Rjanzin, Maxim"]
[Result "1-0"]
[WhiteElo "1976"]
[BlackElo "1764"]
[PlyCount "75"]
[EventDate "2010.06.01"]
[EventType "swiss"]
[EventRounds "9"]
[EventCountry "RUS"]
[SourceTitle "CBM 137 Extra"]
[Source "ChessBase"]
[SourceDate "2010.09.01"]
[SourceVersion "1"]
[SourceVersionDate "2010.09.01"]
[SourceQuality "1"]

1. e4 c5 2. Nf3 d6 3. d4 cxd4 4. Nxd4 Nf6 5. Nc3 g6 6. Be3 Bg7 7. f3 0-0 8. Qd2 Nc6 9. Bc4 Bd7 10. 0-0-0 Rc8 11. Bb3 Ne5 12. h4 h5 13. Bg5 Nc4 14. Bxc4 Rxc4 15. Nb3 Be6 16. e5 Ne8 17. Nd5 Bxd5 18. Qxd5 Qc7 19. Qd3 Ra4 20. exd6 Nxd6 21. Kb1 Nc4 22. Bc1 Rc8 23. c3 b5 24. Qd7 Qb8 25. Qxe7 Re8 26. Qd7 Ne5 27. Qd6 Qc8 28. f4 Qf5+ 29. Ka1 Bf8 30. Qd5 b4 31. fxe5 bxc3 32. Rdf1 Qxe5 33. Qxe5 Rxe5 34. Re1 Rb5 35. Kb1 Rc4 36. bxc3 Rxc3 37. Re8 Kg7 38. Bb2 1-0

[Event "Saratov op"]
[Site "Saratov"]
[Date "2008.12.19"]
[Round "7"]
[White "Panferov, Anton"]
[Black "Rjanzin, Maxim"]
[Result "1/2-1/2"]
[WhiteElo "1857"]
[BlackElo "1883"]
[PlyCount "78"]
[EventDate "2008.12.13"]
[EventType "swiss"]
[EventRounds "9"]
[EventCountry "RUS"]
[SourceTitle "EXT 2010"]
[Source "ChessBase"]
[SourceDate "2010.11.25"]
[SourceVersion "1"]
[SourceVersionDate "2010.11.25"]
[SourceQuality "1"]

1. d4 Nf6 2. c4 g6 3. Nc3 Bg7 4. e4 d6 5. Nf3 0-0 6. Be2 e5 7. 0-0 Nc6 8. d5 Ne7 9. b4 c6 10. a4 a5 11. Ba3 axb4 12. Bxb4 c5 13. Ba3 Ne8 14. Ne1 f5 15. f3 g5 16. Nd3 f4 17. Bc1 h5 18. Bd2 Rf6 19. g3 Bh3 20. Rf2 Qd7 21. gxf4 gxf4 22. Bf1 Ng6 23. Bxh3 Qxh3 24. Qf1 Qd7 25. Kh1 Nh4 26. Be1 Rg6 27. Rb2 Bf6 28. Rab1 Qg7 29. Rxb7 Nc7 30. Bxh4 Bxh4 31. Nb5 Bd8 32. Nxc7 Bxc7 33. Ra1 Kh8 34. a5 Rg8 35. a6 Rg2 36. Nf2 Rxh2+ 37. Kxh2 Qg3+ 38. Kh1 Qxf3+ 39. Kh2 Qg3+ 1/2-1/2

[Event "Saratov op"]
[Site "Saratov"]
[Date "2008.12.17"]
[Round "5"]
[White "Rjanzin, Maxim"]
[Black "Mukhina, Marina"]
[Result "0-1"]
[WhiteElo "1883"]
[BlackElo "1861"]
[PlyCount "132"]
[EventDate "2008.12.13"]
[EventType "swiss"]
[EventRounds "9"]
[EventCountry "RUS"]
[SourceTitle "EXT 2010"]
[Source "ChessBase"]
[SourceDate "2010.11.25"]
[SourceVersion "1"]
[SourceVersionDate "2010.11.25"]
[SourceQuality "1"]

1. d4 d5 2. c4 c6 3. Nc3 Nf6 4. Nf3 dxc4 5. a4 Bf5 6. e3 e6 7. Bxc4 Bb4 8. 0-0 Qc7 9. Qe2 0-0 10. e4 Bg6 11. e5 Nd5 12. Nxd5 cxd5 13. Bd3 Nc6 14. Be3 Rfc8 15. Rac1 a6 16. Ng5 Qd7 17. h4 Be7 18. Bxg6 fxg6 19. Qg4 Bxg5 20. Bxg5 Ne7 21. Bxe7 Qxe7 22. Qf4 Rf8 23. Qg3 Qf7 24. Rc3 Qf4 25. Qh3 Qf5 26. Qxf5 gxf5 27. Rc7 Rf7 28. Rfc1 Re8 29. R1c3 Ree7 30. Rc8+ Rf8 31. a5 Rxc8 32. Rxc8+ Kf7 33. f3 Kg6 34. Kf2 f4 35. g4 fxg3+ 36. Kxg3 Rf7 37. Kg4 h5+ 38. Kg3 Kf5 39. Rh8 g6 40. Rc8 g5 41. hxg5 Kxg5 42. Rg8+ Kf5 43. Rh8 Kg6 44. Rg8+ Rg7 45. Rxg7+ Kxg7 46. Kh4 Kg6 47. f4 Kh6 48. Kg3 Kg7 49. Kh4 Kg6 50. Kg3 Kf5 51. Kh4 Ke4 52. f5 Kxf5 53. Kxh5 Ke4 54. Kg6 Kxd4 55. Kf6 Kc4 56. Kxe6 d4 57. Kf6 d3 58. e6 d2 59. e7 d1Q 60. e8Q Qd4+ 61. Qe5 Qxe5+ 62. Kxe5 Kb5 63. Kd4 Kxa5 64. Kc4 Ka4 65. b3+ Ka3 66. b4 b5+ 0-1

[Event "Saratov op"]
[Site "Saratov"]
[Date "2008.12.16"]
[Round "4"]
[White "Rjanzin, Maxim"]
[Black "Lamikhov, Jury"]
[Result "0-1"]
[WhiteElo "1883"]
[BlackElo "1831"]
[PlyCount "38"]
[EventDate "2008.12.13"]
[EventType "swiss"]
[EventRounds "9"]
[EventCountry "RUS"]
[SourceTitle "EXT 2010"]
[Source "ChessBase"]
[SourceDate "2010.11.25"]
[SourceVersion "1"]
[SourceVersionDate "2010.11.25"]
[SourceQuality "1"]

1. e4 e6 2. d4 d5 3. Nc3 Nf6 4. Bg5 dxe4 5. Nxe4 Nbd7 6. Nf3 Be7 7. Nxf6+ Bxf6 8. Bxf6 Nxf6 9. Bd3 0-0 10. 0-0 b6 11. c3 Bb7 12. Ne5 Qd5 13. f3 c5 14. Qd2 cxd4 15. Qe2 dxc3 16. bxc3 Rad8 17. Kh1 Nd7 18. Nxd7 Qxd7 19. Rfd1 Qc7 0-1

[Event "Saratov SGSEU-ch op"]
[Site "Saratov"]
[Date "2008.09.26"]
[Round "9"]
[White "Rjanzin, Maxim"]
[Black "Velichko, Tatiana"]
[Result "0-1"]
[WhiteElo "1883"]
[BlackElo "1871"]
[PlyCount "76"]
[EventDate "2008.09.10"]
[EventType "swiss"]
[EventRounds "9"]
[EventCountry "RUS"]
[SourceTitle "EXT 2022"]
[Source "ChessBase"]
[SourceDate "2021.10.06"]
[SourceVersion "1"]
[SourceVersionDate "2021.10.06"]
[SourceQuality "1"]

1. e4 c5 2. Nf3 d6 3. d4 cxd4 4. Nxd4 Nf6 5. Nc3 g6 6. f3 Bg7 7. Be3 Nc6 8. Bc4 0-0 9. Qd2 Bd7 10. 0-0-0 Rc8 11. Bb3 Ne5 12. h4 h5 13. Bh6 Nc4 14. Bxc4 Rxc4 15. Bxg7 Kxg7 16. g4 Qa5 17. Nb3 Qb6 18. e5 Nxg4 19. fxg4 Bxg4 20. Rde1 dxe5 21. Rxe5 e6 22. Rhe1 Rd8 23. Qg2 Bf5 24. Rb5 Rg4 25. Qh1 Qf2 26. Ne2 Rc4 27. Rxf5 Qxf5 28. c3 Qf2 29. Nbd4 Rdxd4 30. Nxd4 Qxd4 31. Qxb7 Qxh4 32. Rf1 Qg5+ 33. Kb1 Rf4 34. Rxf4 Qxf4 35. Qxa7 h4 36. Qg1 h3 37. b4 h2 38. Qg2 Qh4 0-1

[Event "Saratov SGSEU-ch op"]
[Site "Saratov"]
[Date "2008.09.24"]
[Round "7"]
[White "Rjanzin, Maxim"]
[Black "Kahramanov, Bahtijar"]
[Result "0-1"]
[WhiteElo "1883"]
[BlackElo "2016"]
[PlyCount "104"]
[EventDate "2008.09.10"]
[EventType "swiss"]
[EventRounds "9"]
[EventCountry "RUS"]
[SourceTitle "EXT 2022"]
[Source "ChessBase"]
[SourceDate "2021.10.06"]
[SourceVersion "1"]
[SourceVersionDate "2021.10.06"]
[SourceQuality "1"]

1. e4 c5 2. Nf3 d6 3. d4 cxd4 4. Nxd4 Nf6 5. Nc3 g6 6. Bc4 Bg7 7. f3 0-0 8. Be3 Nc6 9. Qd2 Bd7 10. 0-0-0 Rc8 11. Bb3 Ne5 12. h4 Nc4 13. Bxc4 Rxc4 14. g4 h5 15. b3 Rc8 16. Nd5 Nxd5 17. exd5 hxg4 18. Bh6 Qc7 19. Bxg7 Kxg7 20. h5 Qc3 21. Qf4 Bf5 22. Nxf5+ gxf5 23. Qxf5 gxf3 24. Kb1 e6 25. dxe6 fxe6 26. Qg5+ Kf7 27. Qg6+ Ke7 28. Qg5+ Kd7 29. Qb5+ Qc6 30. Qd3 Kc7 31. Rh4 d5 32. Rg4 f2 33. Qg3+ Kd8 34. Qd3 f1Q 35. Rxf1 Rxf1+ 36. Qxf1 Qxc2+ 37. Ka1 Qc3+ 38. Kb1 Qc2+ 39. Ka1 Qc1+ 40. Qxc1 Rxc1+ 41. Kb2 Rh1 42. Rg8+ Kc7 43. Rg7+ Kc6 44. Rg6 Kd6 45. Rg7 b6 46. Rxa7 Rxh5 47. Rb7 Kc5 48. a4 e5 49. Ka3 Rh3 50. Rc7+ Kd4 51. Kb4 e4 52. Kb5 Rxb3+ 0-1

[Event "Saratov SGSEU-ch op"]
[Site "Saratov"]
[Date "2008.09.10"]
[Round "1"]
[White "Makalov, Denis"]
[Black "Rjanzin, Maxim"]
[Result "1-0"]
[WhiteElo "2185"]
[BlackElo "1883"]
[PlyCount "47"]
[EventDate "2008.09.10"]
[EventType "swiss"]
[EventRounds "9"]
[EventCountry "RUS"]
[SourceTitle "EXT 2022"]
[Source "ChessBase"]
[SourceDate "2021.10.06"]
[SourceVersion "1"]
[SourceVersionDate "2021.10.06"]
[SourceQuality "1"]

1. e4 c5 2. Nf3 Nc6 3. Nc3 d6 4. d4 cxd4 5. Nxd4 Nf6 6. f3 g6 7. Be3 Bg7 8. Qd2 0-0 9. Bc4 Bd7 10. 0-0-0 Rc8 11. Bb3 Ne5 12. h4 Nc4 13. Bxc4 Rxc4 14. g4 Qa5 15. Nb3 Qa6 16. Bh6 Rfc8 17. Bxg7 Kxg7 18. Kb1 b5 19. h5 Be6 20. hxg6 fxg6 21. Qh6+ Kg8 22. g5 Nh5 23. Rxh5 gxh5 24. g6 1-0

[Event "Saratov region op"]
[Site "Saratov"]
[Date "2008.05.31"]
[Round "2"]
[White "Rjanzin, Maxim"]
[Black "Astapov, Valeriy"]
[Result "0-1"]
[WhiteElo "1877"]
[BlackElo "2027"]
[PlyCount "64"]
[EventDate "2008.05.30"]
[EventType "swiss"]
[EventRounds "9"]
[EventCountry "RUS"]
[SourceTitle "CBM 124 Extra"]
[Source "ChessBase"]
[SourceDate "2008.07.03"]
[SourceVersion "1"]
[SourceVersionDate "2008.07.03"]
[SourceQuality "1"]

1. e4 d6 2. d4 Nf6 3. Nc3 g6 4. Bg5 Bg7 5. Qd2 h6 6. Be3 Ng4 7. 0-0-0 Nxe3 8. Qxe3 c6 9. Bc4 Nd7 10. f4 b5 11. Bd3 b4 12. Nce2 Qa5 13. Kb1 Nb6 14. Nf3 Be6 15. b3 c5 16. dxc5 dxc5 17. e5 0-0 18. Be4 Rad8 19. c4 bxc3 20. Qxc3 Qb5 21. Bd3 Bf5 22. Bxf5 gxf5 23. Ng3 e6 24. Nh5 Nd5 25. Qe1 Kh7 26. Kb2 c4 27. Nd4 c3+ 28. Kb1 Qc5 29. Nc2 Nb4 30. Qg3 Bh8 31. Nf6+ Bxf6 32. exf6 Rg8 0-1

[Event "Saratov region op"]
[Site "Saratov"]
[Date "2008.05.30"]
[Round "1"]
[White "Likhoman, Mikhail"]
[Black "Rjanzin, Maxim"]
[Result "1-0"]
[WhiteElo "2174"]
[BlackElo "1877"]
[PlyCount "71"]
[EventDate "2008.05.30"]
[EventType "swiss"]
[EventRounds "9"]
[EventCountry "RUS"]
[SourceTitle "CBM 124 Extra"]
[Source "ChessBase"]
[SourceDate "2008.07.03"]
[SourceVersion "1"]
[SourceVersionDate "2008.07.03"]
[SourceQuality "1"]

1. d4 d5 2. Nf3 Nf6 3. Bf4 c6 4. e3 e6 5. Bd3 Be7 6. 0-0 0-0 7. Nbd2 Nbd7 8. Ne5 Nxe5 9. dxe5 Nd7 10. c3 f5 11. exf6 Nxf6 12. Re1 Bd6 13. Bxd6 Qxd6 14. e4 e5 15. Qc2 Ng4 16. Nf3 Qh6 17. h3 Rxf3 18. gxf3 Nf6 19. exd5 Bxh3 20. Rxe5 Qf4 21. Qe2 Nxd5 22. Qe4 Qh6 23. Qxh7+ Qxh7 24. Bxh7+ Kxh7 25. Rh5+ Kg6 26. Rxh3 Re8 27. Kf1 Nf4 28. Rh4 Nd3 29. b3 Rf8 30. Ra4 Kf6 31. Rd1 Ne5 32. Rf4+ Ke7 33. Re4 Kf6 34. Rde1 Nd3 35. R1e3 Nc5 36. Rf4+ 1-0